ბათუმის შოთა რუსთაველის სახელმწიფო უნივერსიტეტის ბიბლიოთეკა

შრომის უსაფრთხოება და უსაფრთხოების ტექნიკის საფუძვლები ენერგეტიკაში ნაწ. 1 : (ბიბ.ჩანაწერი № 53812)

000 -ლიდერი
ფიქსირებული სიგრძის საკონტროლო ველი 02117nam a2200373Ia 4500
001 - საკონტროლო ნომერი
საკონტროლო ველი 20863
003 - საკონტროლო ნომრის იდენტიფიკატორი
საკონტროლო ველი GE_BSU
005 - ბოლო ოპერაციის თარიღი და დრო
საკონტროლო ველი 20210521175345.0
008 - ფიქსირებული სიგრძის მონაცემთა ელემენტები - ზოგადი ინფორმაცია
ფიქსირებული სიგრძის საკონტროლო ველი 181216s ||||ge |||||||||||||| ||geo||
020 ## - წიგნის საერთაშორისო სტანდარტული ნომერი
International Standard Book Number 9789941201660 (ყველა ნაწილი)
020 ## - წიგნის საერთაშორისო სტანდარტული ნომერი
International Standard Book Number 9789941201677 (პირველი ნაწილი)
040 ## - კატალოგიზაციის წყარო
Transcribing agency GE_BSU
041 ## - ენის კოდი
Language code of text/sound track or separate title geo
080 ## - უნივერსალური ათობითი კლასიფიკაციის ინდექსი
Universal Decimal Classification number 331.45 : 69(075.8) შ-87
245 ## - ცნობა სათაურის შესახებ
Title შრომის უსაფრთხოება და უსაფრთხოების ტექნიკის საფუძვლები ენერგეტიკაში ნაწ. 1 :
Remainder of title სახელმძღვანელო /
Statement of responsibility, etc ნ. ბოჭორიშვილი, გ. არაბიძე, ა. ნევეროვი, ნ. რაზმაძე, ი. ბოჭორიშვილი ; რედ. ი. მეგრელიშვილი.
264 ## - წარმოების, გამოცემის, დისტრიბუციის და სხვა ცნობები
გამოცემის, წარმოების, დისტრიბუციის... ადგილი თბილისი :
გამოცემის, წარმოების, დისტრიბუციის... სახელწოდება სტუ,
გამოცემის, წარმოების, დისტრიბუციის... თარიღი 2012.
300 ## - ფიზიკური აღწერა
Extent 518 გვ. ;
Other physical details ცხრ. ნახ. ;
Dimensions 20 სმ.
504 ## - BIBLIOGRAPHY, ETC. NOTE
Bibliography, etc ბიბლიოგრ. გვ. : 516-518
653 ## - INDEX TERM--UNCONTROLLED
Uncontrolled term საინჟინრო საქმე
653 ## - INDEX TERM--UNCONTROLLED
Uncontrolled term შრომა
653 ## - INDEX TERM--UNCONTROLLED
Uncontrolled term დასაქმება
653 ## - INDEX TERM--UNCONTROLLED
Uncontrolled term შრომის უსაფრთხოება
653 ## - INDEX TERM--UNCONTROLLED
Uncontrolled term უსაფრთხოების ტექნიკის საფუძვლები ენერგეტიკაში
653 ## - INDEX TERM--UNCONTROLLED
Uncontrolled term მშენებლობა
700 ## - ADDED ENTRY--PERSONAL NAME
Personal name ბოჭორიშვილი, ნ.
Relator term ავტორი
9 (RLIN) 1201
700 ## - ADDED ENTRY--PERSONAL NAME
Personal name არაბიძე, გ.
Relator term ავტორი
9 (RLIN) 11874
700 ## - ADDED ENTRY--PERSONAL NAME
Personal name ნევეროვი, ა.
Relator term ავტორი
9 (RLIN) 11875
700 ## - ADDED ENTRY--PERSONAL NAME
Personal name რაზმაძე, ნ.
Relator term ავტორი
9 (RLIN) 6993
700 ## - ADDED ENTRY--PERSONAL NAME
Personal name ბოჭორიშვილი, ი.
Relator term ავტორი
9 (RLIN) 7277
700 ## - ADDED ENTRY--PERSONAL NAME
Personal name მეგრელიშვილი, ი.
Relator term რედაქტორი
9 (RLIN) 7278
710 ## - ADDED ENTRY--CORPORATE NAME
Corporate name or jurisdiction name as entry element საქართველოს ტექნიკურიუნივერსიტეტი
9 (RLIN) 11876
942 ## - ADDED ENTRY ELEMENTS (KOHA)
Koha item type წიგნი
Source of classification or shelving scheme
ეგზემპლარები
ჩამოწერის სტატუსი დაკარგული ეგზემპლარის სტატუსი კლასიფიკაციის წყარო ან თაროზე გაწყობის სქემა დაზიანების სტატუსი არ გაიცემა მუდმივი მდებარეობა (დაცვის ადგილი) ამჟამინდელი ადგილსამყოფელი თაროზე განთავსების ადგილი შეძენის თარიღი ღირებულება, შესყიდვის ნორმალური ფასი სრული შენახვის შიფრი შტრიხკოდი ბოლო ოპერაციის თარიღი ეგზემპლარის მიმდევრობითი ნომერი (კეტერი?) ფასის ძალაში შესვლის თარიღი ეგზემპლარის სახეობა საჯარო შენიშვნა
          ბათუმის შოთა რუსთაველის სახელმწიფო უნივერსიტეტის მთავარი ბიბლიოთეკა ბათუმის შოთა რუსთაველის სახელმწიფო უნივერსიტეტის მთავარი ბიბლიოთეკა წიგნსაცავი 2018-12-17 20.00 331.45 : 69(075.8) შ-87 54386 2018-12-17 54386 2018-12-17 წიგნი 20.00 ₾.
          ბათუმის შოთა რუსთაველის სახელმწიფო უნივერსიტეტის მთავარი ბიბლიოთეკა ბათუმის შოთა რუსთაველის სახელმწიფო უნივერსიტეტის მთავარი ბიბლიოთეკა წიგნსაცავი 2018-12-17 20.00 331.45 : 69(075.8) შ-87 54387 2018-12-17 54387 2018-12-17 წიგნი 20.00 ₾.
          ბათუმის შოთა რუსთაველის სახელმწიფო უნივერსიტეტის მთავარი ბიბლიოთეკა ბათუმის შოთა რუსთაველის სახელმწიფო უნივერსიტეტის მთავარი ბიბლიოთეკა წიგნსაცავი 2018-12-17 20.00 331.45 : 69(075.8) შ-87 54388 2018-12-17 54388 2018-12-17 წიგნი 20.00 ₾.